000 00511nam a2200169Ia 4500
003 GCL
008 140319s9999 xx 000 0 ara d
040 _aGCL /
_cGCL
082 0 4 _aد
_b050
100 1 _aعلى محمد الفقى
245 1 0 _aاحمد حسن الزيات ومجلة الرسالة ( اقرا 467 ) /
_cعلى محمد الفقى
300 _a198 ص
490 _aوثائق ونصوص
_v0
650 0 4 _aاحمد حسن الزيات
650 0 4 _aمجلة الرسالة
942 _2ddc
_cCF
999 _c27316
_d27316